000 00329nam a2200109Ia 4500
008 171211s9999 xx 000 0 und d
245 _aTragic Design: The Impact of Bad Product Design and How to Fix It
245 _cJonathan Shariat
260 _c2012
650 _xDesign
856 _uhttp://down.ebook777.com/062/149192361X.pdf
999 _c347921
_d347921